| 000 | 00526nam a2200169Ia 4500 | ||
|---|---|---|---|
| 999 |
_c53410 _d53410 |
||
| 003 | GCL | ||
| 005 | 20240530105129.0 | ||
| 008 | 140319s9999 xx 000 0 ara d | ||
| 040 |
_aGCL / _cGCL |
||
| 082 | 0 | 4 |
_a091.1 _bأو. ف |
| 100 | _aريبشتوك ، او | ||
| 245 | 1 | 0 |
_aفهرس المخطوطات العربية فى موريتانيا _cريبشتوك ، او |
| 260 |
_a[S.N] : _bفرانز شتاينر بفيسبادن ، _c1988 |
||
| 300 | _a160 ص | ||
| 490 |
_aنصوص ودراسات _v0 |
||
| 942 |
_2ddc _cBK |
||